Регионална библиотека "Любен Каравелов" - Русе

Фантом (Запис номер 330995)

MARC детайли
000 -Лидер
Контролно поле с фиксирана дължина 00976aam a2200277 a 4500
003 - Код на организацията, давaща контролен номер
Контролно поле BLK
005 - Дата и час на последна редакция
Контролно поле 20250710103807.0
008 - Елементи от данни с фиксирана дължина
fixed length control field 181012b bu ||||| |||| 00| 0 bu d
020 ## - Международен стандартен номер на книга ISBN
Международен стандартен номер на книга ISBN 978-954-769-469-9
040 ## - Източник на каталожния запис
Идентификатор на билиотеката - собственик на записа BLK
041 ## - Код за език
Код за езика на текст/звукозапис или на отделно заглавие Български
Код за езика КДБФ Български
080 ## - УДК
Текстов определител УДК Английска литература
УДК код - определител по УДК 821.111
УДК определител -31
УДК - код + определител 821.111-31
100 ## - Редна дума - Автор
Автор Кавана, Стив
Авторска отговорност първи автор
R(LIN) 1299
139 ## - Редно поле
Редна дума Кавана, Стив
Авторски знак Каб - К 12
240 ## - Унифицирано заглавие
Унифицирано заглавие Thirteen
245 ## - Сведения за заглавието
Заглавие Фантом
Подзаглавни данни Роман
Редно поле (дума) Стив Кавана; прев. Надежда Розова
260 ## - Област на издателските данни
Име на издателя, разпространителя и проч. Обсидиан
Година на издаване 2019
Място на издаване, разпространение и проч. София
Печатница Абагар
Дата на отпечатване 2018
300 ## - Физическа характеристика
Страници 392 с.
Размери/Мащаб 21 см
380 ## - Жанр
Жанр Худож. лит.
500 ## - Общи забележки
Забележка Ориг. загл.: Thirteen / Steve Cavanagh
700 ## - Други автори (авторска отговорност)
Лично име Розова, Надежда Иванова
9 (RLIN) 366022
852 ## - Местоположение
Фондова буква Заемна - подръчен фонд
Систематично-азбучна сигнатура П 820-31/К 12
Форматна сигнатура Цб 300484
999 ## - СИСТЕМНИ КОНТРОЛНИ НОМЕРА
Koha biblionumber 330995
Koha biblioitemnumber 330995
942 ## - АРТИКУЛИ
Вид на библиотечния материал Книги
Източник на класификационната схема Universal Decimal Classification
Скрит в OPAC Не
Koha issues (borrowed), all copies 36
Периодичен библиозапис Да
999 ## - СИСТЕМНИ КОНТРОЛНИ НОМЕРА
Koha biblioitemnumber 330995
944 ## - СЪЗДАВАНЕ И РЕДАКЦИЯ на ЗАПИСА
Служител, извършил регистрацията/редакцията 30576
Статус, дата на статуса Цветомила Тодорова
Наличности
Код за отписване Код за изгубен артикул Източник на класификационната схема Код за повреда Код за отдаване Артикулен № Име на библиотеката - собственик Име на библиотеката, в която се намира в момента Статус (Текущо местоположение) Дата на вписване в системата Местоположение - отдел Цена в лева Систематично азбучна сигнатура Баркод Цена в евро Служебен тип на артикула Коз за рестрикции Инвентарен номер
  Не е изгубен Universal Decimal Classification Не е повреден заемане за дома 706588 Регионална библиотека "Любен Каравелов" Русе Регионална библиотека "Любен Каравелов" Русе Заемна - подръчен фонд 2019-05-13 Заемна - подръчен фонд 14.24 П 820-31/К 12 120000831910 7.28 Книги    
  Не е изгубен Universal Decimal Classification Не е повреден ползва се в читалня 781573 Регионална библиотека "Любен Каравелов" Русе Регионална библиотека "Любен Каравелов" Русе Хранилище 2020-07-06 Хранилище 19.00 Цб 300484 120000845456 9.71 Книги само за читалня 120000845456
Vip Innovations Ltd, Rousse, Bulgaria 2025